| 000 | 00490 a2200157 4500 | ||
|---|---|---|---|
| 005 | 20250626124511.0 | ||
| 020 | _a0-07-238355-0 | ||
| 082 | _a658.514 HAR | ||
| 100 | _aHARRISON, N. | ||
| 245 | _aTechnology Management : Text and International Cases. | ||
| 260 |
_aNew York, _bMcGraw-Hill, _c2002. |
||
| 300 |
_aXvi, 433p.: ill.; figure, table _bBibliographical References & Index _c23cm. |
||
| 700 | _aSAMSON, D. | ||
| 856 |
_yAccess Online Book _fManagement _dwww.mhhe.com |
||
| 942 |
_2ddc _cBKS |
||
| 999 |
_c2226 _d2226 |
||